| 000 | 00764cam a2200217 a 4500 | ||
|---|---|---|---|
| 003 | CO-ViMGA | ||
| 005 | 20230915233553.0 | ||
| 008 | 970918s1997 ck a r 00010 spa d | ||
| 020 | _a9586701085 | ||
| 040 |
_aCO-ViMGA _bspa _cCO-ViMGA |
||
| 082 | 0 | 4 |
_a372.4 P76 _219 ed. |
| 245 | 0 | 4 |
_aLos procesos de la lectura y la escritura : _bpropuestas de intervención pedagógica / _ccompiladora María Cristina Martínez ; Liliana Montenegro ... [et al.]. |
| 260 |
_aSantiago de Cali : _bUniversidad del Valle, _c1997. |
||
| 300 |
_a145 p. : _bil. ; _c21 cm. |
||
| 504 | _aIncluye bibliografía. | ||
| 650 | 1 | 4 |
_aComprensión de lectura. _911149 |
| 650 | 1 | 4 |
_aEscritura. _95873 |
| 650 | 1 | 4 |
_aLectura. _911118 |
| 700 | 1 |
_aMontenegro, Liliana. _911150 |
|
| 942 | _2ddc | ||
| 999 |
_c36859 _d36859 |
||